উৎপাদনব্যয় হিসাববিজ্ঞান =Cost Accounting / (Record no. 40078)
[ view plain ]
| 000 -LEADER | |
|---|---|
| fixed length control field | 00912nam a2200253 a 4500 |
| 001 - CONTROL NUMBER | |
| control field | 40078 |
| 003 - CONTROL NUMBER IDENTIFIER | |
| rucl marc code | BD-RjUL |
| 005 - DATE AND TIME OF LATEST TRANSACTION | |
| control field | 20211209053130.0 |
| 008 - FIXED-LENGTH DATA ELEMENTS--GENERAL INFORMATION | |
| fixed length control field | 160421s1995 bg ||||| |||| 00| 0 ben d |
| 020 ## - INTERNATIONAL STANDARD BOOK NUMBER | |
| Terms of availability | : TK 100.00 |
| 035 ## - SYSTEM CONTROL NUMBER | |
| System control number | (BD-RjUL)40193 |
| 040 ## - CATALOGING SOURCE | |
| Original cataloging agency | BD-RjUL |
| Language of cataloging | ben |
| Transcribing agency | BD-RjUL |
| 041 ## - LANGUAGE CODE | |
| Language code of text/sound track or separate title | ben |
| 082 ## - DEWEY DECIMAL CLASSIFICATION NUMBER | |
| Edition number | 23 |
| Classification number | 657.42 |
| Author mark and year | MOU 1995 |
| 100 ## - MAIN ENTRY--PERSONAL NAME | |
| Personal name | মন্ডল, এম. এ. |
| 9 (RLIN) | 123414 |
| 245 10 - TITLE STATEMENT | |
| Title | উৎপাদনব্যয় হিসাববিজ্ঞান =Cost Accounting / |
| Statement of responsibility, etc. | এম. এ. মন্ডল |
| 250 ## - EDITION STATEMENT | |
| Edition statement | ৬ষ্ঠ সং. |
| 260 ## - PUBLICATION, DISTRIBUTION, ETC. (IMPRINT) | |
| Place of publication, distribution, etc. | রাজশাহী : |
| Name of publisher, distributor, etc. | অনন্যা, |
| Date of publication, distribution, etc. | ১৯৯৫ |
| 300 ## - PHYSICAL DESCRIPTION | |
| Pagination | খণ্ড : |
| Illustrations | চিত্র ; |
| Size | ১৮ সেমি |
| 505 ## - FORMATTED CONTENTS NOTE | |
| Formatted contents note | খণ্ড ২ -- |
| 650 ## - SUBJECT ADDED ENTRY--TOPICAL TERM | |
| Topical term or geographic name as entry element | উৎপাদনব্যয় হিসাববিজ্ঞান |
| 9 (RLIN) | 123415 |
| Topical term or geographic name as entry element | Cost Accounting |
| 9 (RLIN) | 117440 |
| 942 ## - ADDED ENTRY ELEMENTS (KOHA) | |
| Source of classification or shelving scheme | Dewey Decimal Classification |
| Koha item type | Books |
| Lost status | Source of classification or shelving scheme | Damaged status | Not for loan | Collection code | Permanent Location | Current Location | Shelving location | Date acquired | Source of acquisition | Cost, normal purchase price | Total Checkouts | Total Renewals | Full call number | Date last seen | Date checked out | Copy number | Koha item type |
|---|---|---|---|---|---|---|---|---|---|---|---|---|---|---|---|---|---|
| Dewey Decimal Classification | Non-fiction | Central Library, University of Rajshahi | Central Library, University of Rajshahi | 29/03/2001 | Professor M A Mondol | 140.00 | 3 | 2 | B 657.42 MOU V-2 1995 | 11/03/2019 | 24/02/2019 | C-2 | Books | ||||
| Dewey Decimal Classification | Non-fiction | Central Library, University of Rajshahi | Central Library, University of Rajshahi | 29/03/2001 | Professor M A Mondol | 140.00 | 3 | 1 | B 657.42 MOU V-2 1995 | 04/03/2019 | 13/02/2019 | C-3 | Books | ||||
| Dewey Decimal Classification | Non-fiction | Central Library, University of Rajshahi | Central Library, University of Rajshahi | 29/03/2001 | Professor M A Mondol | 140.00 | 4 | 2 | B 657.42 MOU V-2 1995 | 31/01/2019 | 07/01/2019 | C-4 | Books | ||||
| Dewey Decimal Classification | Non-fiction | Central Library, University of Rajshahi | Central Library, University of Rajshahi | 29/03/2001 | Author, | 140.00 | 4 | B 657.42 MOU V-2 1995 | 17/09/2019 | 15/09/2019 | C-5 | Books |